[Event "UKR-ch Women 2020"]
[Site "Kherson"]
[Date "2020.12.06"]
[Round "1.9"]
[White "Mashchenko, Tamila"]
[Black "Zinkevich, Julia"]
[Result "1/2-1/2"]
[WhiteElo "1768"]
[BlackElo "2178"]
[Annotator "TA"]
[PlyCount "82"]
[EventDate "2020.12.06"]
[EventType "swiss"]
[EventCountry "UKR"]
[SourceTitle "playchess.com"]
[Source "ChessBase"]
[SourceQuality "1"]

{[%evp 22,82,0,0,0,8,16,-8,-13,-6,-8,-13,0,-4,0,0,0,-20,-8,-18,-6,-39,-35,-21,0,-28,-14,-16,-13,-15,-17,-17,-10,-10,-12,-16,-14,-18,-17,-15,-8,-15,-8,-6,10,6,106,105,114,0,0,0,0,-13,0,-10,-5,-5,0,0,0,0,0]} 1. c4 c5 2. Nc3 Nc6 3. g3 g6 4. Bg2 Bg7 5. a3 a5 6. d3 d6 7. e3 e5 8. Nge2 Nge7 9. O-O O-O 10. Rb1 Rb8 11. Bd2 Be6 12. Nd5 b5 {A36: Symmetrical English vs ...g6: 4 Bg2 Bg7.} 13. cxb5 Rxb5 14. Nxe7+ (14. Nec3 {feels hotter.} Rb8 15. Qa4 Bd7 16. Qc4 Be6 17. Rfc1) 14... Nxe7 15. b4 axb4 16. axb4 cxb4 {...b3 is the strong threat.} 17. Rxb4 Rxb4 18. Bxb4 Qb6 19. Bc3 {[#]} Rc8 $146 ({Predecessor:} 19... Bd5 20. Bxd5 Nxd5 21. e4 Nc7 22. d4 Ne6 23. dxe5 dxe5 24. Kg2 Rd8 25. Qa1 Qb5 {0-1 (46) Mayer,H (1891)-Maahs,E (2151) Berlin 2008}) 20. Qb1 Qa7 21. Qb7 (21. Rc1 {seems wilder.} h5 22. Rc2 h4 23. Bd2 Rb8 24. Rb2) 21... Qxb7 22. Bxb7 Rc7 23. Bg2 Bg4 24. f3 Be6 25. Rc1 Nd5 26. Bd2 Ra7 {Threatening ...Ra2.} 27. Rc2 h5 28. Kf2 Ra3 29. Nc1 Ra1 30. f4 Ne7 31. Bc3 Rb1 32. Ne2 Rd1 33. Rd2 Rb1 (33... Rxd2 $11 34. Bxd2 Nd5) 34. fxe5 $16 dxe5 {[#]} 35. Rb2 (35. Bb2 $1 $16) 35... Rxb2 {The position is equal.} 36. Bxb2 Nd5 37. d4 Nb4 {And now ...Nd3+ would win.} 38. Nc1 exd4 39. Bxd4 Bxd4 40. exd4 Nc2 41. Ne2 Kf8 {Weighted Error Value: White=0.10/Black=0.12} 1/2-1/2

[Event "UKR-ch Women 2020"]
[Site "Kherson"]
[Date "2020.12.06"]
[Round "1.10"]
[White "Tsirulnik, Maritsa"]
[Black "Grigorchuk, Katerina"]
[Result "0-1"]
[WhiteElo "2139"]
[BlackElo "1767"]
[Annotator "TA"]
[PlyCount "92"]
[EventDate "2020.12.06"]
[EventType "swiss"]
[EventCountry "UKR"]
[SourceTitle "playchess.com"]
[Source "ChessBase"]
[SourceQuality "1"]

{[%evp 10,92,31,22,19,33,25,23,28,31,33,25,35,-23,-28,-25,-19,-33,0,0,-15,-29,-21,-14,-13,0,-10,-16,-12,-14,-11,-11,-6,-52,-32,-31,-8,-10,-9,-20,0,-6,0,-4,0,-2,0,0,12,0,150,63,63,63,62,24,31,31,31,25,31,8,11,11,12,13,65,10,11,0,18,1,4,0,6,0,0,-29993,-29994,-29994,-29995,-29995,-29996,-29996,-29997]} 1. d4 Nf6 2. c4 g6 3. Nf3 Bg7 4. g3 c5 5. d5 b5 6. cxb5 Qa5+ {E60: King's Indian: Unusual lines and Fianchetto Variation without Nc3.} 7. Bd2 Qxb5 8. Nc3 Qb6 {White has an edge.} 9. Bg2 d6 10. O-O O-O 11. Qc2 (11. Re1 $14) 11... Na6 $11 12. a3 Rb8 13. Rab1 {[#]} Nc7 $146 ({Predecessor:} 13... Qb3 14. Qxb3 Rxb3 15. Bf4 Nc7 16. Nd2 Rxc3 17. bxc3 Nfxd5 18. c4 Nc3 19. Rbe1 Ba6 {1-0 (42) Jojua,D (2530)-Vishnu,P (2341) Kavala 2010}) 14. b4 Bd7 15. e4 Nb5 16. Nxb5 Bxb5 17. Rfc1 Qa6 18. Ne1 $1 ({Don't go for} 18. bxc5 $2 Bd3 $17) 18... Nd7 19. Bc3 Qxa3 20. Bxg7 Kxg7 21. bxc5 Nxc5 ({But not} 21... dxc5 $6 22. Ra1 $11) (21... Ba4 $5 {[%cal Ra4c2]} 22. Qc4 Nxc5 $15) 22. Ra1 Qb3 23. Rxa7 Qxc2 24. Nxc2 Bd3 {Hoping for ...Nb3.} 25. Nd4 Bxe4 26. Bxe4 Nxe4 27. Re1 Nc3 28. Rexe7 {Threatens to win with Ne6+.} Nxd5 29. Red7 Rb1+ (29... Rbe8 $11) 30. Kg2 $14 {Ne6+ is the strong threat.} Re1 31. Rxd6 Ne7 $1 {[%cal Re7c8]} 32. Rdd7 (32. Ne6+ $5 Rxe6 33. Rxe6 fxe6 34. Rxe7+ {[%mdl 64] Double Attack} Rf7 35. Rxe6 $16) 32... Re8 33. Nf3 Re6 34. Ng5 Re1 $1 35. f4 {Black must now prevent Kf2.} h6 36. Nf3 Re2+ 37. Kf1 Re6 ({Black should play} 37... Re4 $1 $11) 38. Kf2 ({Better is} 38. Nd4 $1 $14 Re4 39. Nb5) 38... Kf8 39. Ne5 Kg7 40. Rab7 Kf8 41. Nd3 Rc6 42. g4 Rc2+ 43. Kg3 $2 {[%mdl 8192] [#]} (43. Kf3 $11) 43... Nf5+ $1 {[%mdl 512] Black mates.} 44. gxf5 Re3+ 45. Kh4 {[#]} g5+ $1 {[%mdl 512]} 46. fxg5 Rc4+ {Weighted Error Value: White=0.26/Black=0.12} 0-1

[Event "UKR-ch Women 2020"]
[Site "Kherson"]
[Date "2020.12.07"]
[Round "2.1"]
[White "Osmak, Iulija"]
[Black "Martynkova, Olena"]
[Result "1-0"]
[WhiteElo "2438"]
[BlackElo "2222"]
[Annotator "RC"]
[PlyCount "115"]
[EventDate "2020.12.06"]
[EventType "swiss"]
[EventCountry "UKR"]
[SourceTitle "playchess.com"]
[Source "ChessBase"]
[SourceQuality "1"]
[TimeControl "40/5400+30:1800+30"]

1. d4 {[%emt 0:00:00]} Nf6 {[%emt 0:00:00]} 2. c4 {[%emt 0:00:00]} c5 {[%emt 0:01:11]} 3. d5 {[%emt 0:00:00]} b5 {[%emt 0:00:40]} 4. cxb5 {[%emt 0:00:19]} a6 {[%emt 0:01:07]} 5. e3 {[%emt 0:00:55]} g6 {[%emt 0:07:16]} 6. Nc3 {[%emt 0:01:09]} d6 {[%emt 0:02:47]} 7. Nf3 {[%emt 0:04:24]} Bg7 {[%emt 0:00:32]} 8. e4 {[%emt 0:07:29]} O-O {[%emt 0:01:57]} 9. a4 {[%emt 0:01:21]} axb5 {[%emt 0:14:07]} 10. Bxb5 {[%emt 0:00:24]} Ba6 {[%emt 0:00:35]} 11. Bg5 {[%emt 0:04:55]} h6 {[%emt 0:07:52]} 12. Bf4 {[%emt 0:03:41]} Ne8 {[%emt 0:24:56]} 13. O-O {[%emt 0:01:38]} Nc7 {[%emt 0:03:34]} 14. Qe2 {[%emt 0:14:38]} Nd7 {[%emt 0:02:41]} 15. h3 {[%emt 0:11:50]} Qb8 {[%emt 0:06:59]} 16. Nd2 {[%emt 0:08:37]} Qb7 {[%emt 0:10:03]} 17. Ra3 {[%emt 0:13:06]} Bxb5 {[%emt 0:05:54]} 18. Nxb5 {[%emt 0:00:08]} Nxb5 {[%emt 0:00:31]} 19. axb5 {[%emt 0:01:57]} Rfb8 {[%emt 0:03:41]} 20. Rb1 {[%emt 0:03:40]} Nb6 {[%emt 0:01:34]} 21. Qe3 {[%emt 0:08:23]} Kh7 {[%emt 0:00:19]} 22. Qd3 {[%emt 0:05:22]} Ra4 {[%emt 0:01:02]} 23. Qc2 {[%emt 0:02:27]} Rb4 {[%emt 0:00:53]} 24. Rb3 {[%emt 0:01:03]} Nd7 {[%emt 0:01:05]} 25. Rxb4 cxb4 {[%emt 0:00:02]} 26. Ra1 {[%emt 0:04:32]} Qxb5 {[%emt 0:00:39]} 27. Ra7 {[%emt 0:00:11]} Bf6 {[%emt 0:00:57]} 28. Qc6 {[%emt 0:00:56]} Nc5 {[%emt 0:00:34]} 29. Qxb5 {[%emt 0:00:50]} Rxb5 {[%emt 0:00:03]} 30. b3 {[%emt 0:00:32]} Rb7 {[%emt 0:00:46]} 31. Rxb7 {[%emt 0:00:20]} Nxb7 {[%emt 0:00:04]} 32. Be3 {[%emt 0:00:31]} Kg7 {[%emt 0:01:04]} 33. Nc4 {[%emt 0:00:18]} Bc3 {[%emt 0:00:27]} 34. f4 {[%emt 0:00:48]} f6 {[%emt 0:00:33]} 35. Kf2 {[%emt 0:00:29]} g5 {[%emt 0:00:31]} 36. f5 {[%emt 0:00:28]} h5 {[%emt 0:00:29]} 37. Bb6 {[%emt 0:00:24]} Kf7 {[%emt 0:00:26]} 38. Ke3 {[%emt 0:00:32]} Ke8 {[%emt 0:00:34]} 39. Na5 {[%emt 0:00:40]} Nc5 {[%emt 0:00:33]} 40. Bxc5 {[%emt 0:00:00]} dxc5 {[%emt 0:00:00]} 41. Kd3 {[%emt 0:03:06]} Kd7 {[%emt 0:02:10]} 42. Nb7 {[%emt 0:02:59]} Kc7 {[%emt 0:04:10]} 43. Nxc5 {[%emt 0:02:45]} Kd6 {[%emt 0:00:07]} 44. Na4 {[%emt 0:03:55]} Be1 {[%emt 0:07:00]} 45. Nb6 {[%emt 0:05:06]} Bf2 {[%emt 0:06:57]} 46. Nc4+ {[%emt 0:00:32]} Kc5 {[%emt 0:00:17]} 47. Na5 {[%emt 0:02:22]} Bg3 {[%emt 0:00:31]} 48. Nc6 {[%emt 0:02:14]} Bd6 {[%emt 0:00:17]} 49. Na7 {[%emt 0:02:45]} Kb6 {[%emt 0:09:59]} 50. Nc8+ {[%emt 0:02:37]} Kc5 {[%emt 0:00:45]} 51. Nxd6 {[%emt 0:03:24]} exd6 {[%emt 0:00:06]} 52. g3 {[%emt 0:00:12]} h4 {[%emt 0:01:05]} 53. g4 {[%emt 0:00:04]} Kb5 {[%emt 0:01:52]} 54. Kd4 {[%emt 0:00:04]} Kb6 {[%emt 0:00:49]} 55. Kc4 {[%emt 0:00:03]} Ka5 {[%emt 0:00:10]} 56. e5 {[%emt 0:00:16]} dxe5 {[%emt 0:00:06]} 57. Kc5 {[%emt 0:00:30]} Ka6 {[%emt 0:00:18]} 58. Kc6 {[%emt 0:00:19]} 1-0

[Event "UKR-ch Women 2020"]
[Site "Kherson"]
[Date "2020.12.07"]
[Round "2.2"]
[White "Shpanko, Nadiia"]
[Black "Buksa, Nataliya"]
[Result "1-0"]
[WhiteElo "2235"]
[BlackElo "2410"]
[Annotator "TA"]
[PlyCount "121"]
[EventDate "2020.12.06"]
[EventType "swiss"]
[EventCountry "UKR"]
[SourceTitle "playchess.com"]
[Source "ChessBase"]
[SourceQuality "1"]

{[%evp 12,121,-18,-19,4,-13,11,7,16,0,10,0,14,0,8,15,4,0,0,0,0,0,0,0,5,-56,-65,-58,-62,-57,-52,-65,-64,-71,-27,-41,-14,-12,-10,-25,50,50,50,49,50,42,84,72,75,14,78,41,30,23,59,60,168,69,85,95,100,65,56,56,171,171,175,174,168,150,212,142,130,130,176,181,164,80,80,80,83,79,79,79,79,79,103,103,103,103,103,103,103,103,103,103,103,103,29962,29963,29963,29964,29963,29964,29965,5538,29967,29968,29969,29969,29968,11589]} 1. c4 Nf6 2. g3 c6 3. Bg2 d5 4. Qc2 g6 5. Nf3 Bg7 6. O-O O-O 7. d3 a5 {A11: English Opening: 1...c6.} 8. cxd5 {[#]} Nxd5 $146 ({Predecessor:} 8... cxd5 9. Nc3 Nc6 10. Bg5 h6 11. Bd2 Bd7 12. a3 e5 13. e4 d4 14. Ne2 Re8 15. Ne1 {0-1 (49) Steczek,M (2386)-Kaminski,P (2097) Jastrzebia Gora 2018}) 9. Nc3 Na6 {The position is equal.} 10. a3 e5 11. Bd2 h6 12. Rad1 Nac7 13. Qc1 Kh7 14. e4 Ne7 15. Be3 Bg4 16. Na4 Ne6 17. Nc5 b6 18. Nb3 (18. Nxe6 $1 $11 fxe6 19. Ng5+ hxg5 20. f3) 18... c5 $15 19. h3 Bxf3 20. Bxf3 Rc8 21. Qc4 Qd7 22. a4 Nd4 23. Bg2 f5 24. exf5 gxf5 25. Nd2 Kh8 (25... Nec6 $11) 26. Bxd4 $14 cxd4 27. Qb3 Rb8 28. Rc1 e4 29. dxe4 f4 30. Rfd1 ({White should try} 30. g4 $16) 30... Ng6 (30... b5 $11 {keeps the balance.}) 31. Nf3 fxg3 32. fxg3 Qd6 33. Kh2 Rbe8 {[#]} (33... Rbc8 $14) 34. Qd5 (34. Nxd4 $1 $18 {[%mdl 512] Strongly threatening Rc6.} Bxd4 35. Rc4) 34... Qxd5 35. exd5 Re2 {And now ...Rxf3 would win.} 36. Rd2 ({Don't blunder} 36. Nxd4 $2 Bxd4 37. Rxd4 Rff2 $19) 36... Rxd2 37. Nxd2 Rf2 ({Black should play} 37... Ne5 $14) 38. Nc4 $1 $18 Ne5 39. d6 {aiming for Nxe5.} Nd7 40. Kg1 Rf7 (40... Rf8 $16 41. Re1 Nc5) 41. Rf1 Rxf1+ 42. Kxf1 $16 {[%mdl 4096] Endgame KBN-KBN} Kg8 43. Bc6 Ne5 44. Nxe5 (44. Bd5+ $1 $18 Kf8 45. Nxb6) 44... Bxe5 $18 {KB-KB} 45. d7 Bc7 46. Ke2 Kf8 47. Kd3 Ke7 48. g4 Kd6 49. Bb5 Ke5 50. h4 {Threatens to win with g5.} Bd8 {[#]} 51. g5 $1 {[%cal Rg5g6]} hxg5 52. h5 Bf6 53. h6 Ke6 54. Ke4 Ke7 $2 {[%mdl 8192] This costs Black the game.} (54... g4 $16) 55. Kf5 Bh8 56. Kxg5 d3 57. Bxd3 Kxd7 {[#]} 58. Kg6 $1 Bxb2 59. Kf7 {White mates.} Kd6 60. h7 b5 61. Bxb5 {Weighted Error Value: White=0.12/Black=0.37} 1-0

[Event "UKR-ch Women 2020"]
[Site "Kherson"]
[Date "2020.12.07"]
[Round "2.3"]
[White "Grigorchuk, Katerina"]
[Black "Berdnyk, Mariia"]
[Result "0-1"]
[WhiteElo "1767"]
[BlackElo "2324"]
[Annotator "RC"]
[PlyCount "154"]
[EventDate "2020.12.06"]
[EventType "swiss"]
[EventCountry "UKR"]
[SourceTitle "playchess.com"]
[Source "ChessBase"]
[SourceQuality "1"]
[TimeControl "40/5400+30:1800+30"]

1. e4 {[%emt 0:01:01]} e5 {[%emt 0:00:00]} 2. Nf3 {[%emt 0:00:07]} Nc6 {[%emt 0:00:00]} 3. Bb5 {[%emt 0:00:32]} a6 {[%emt 0:00:00]} 4. Ba4 {[%emt 0:00:08]} Nf6 {[%emt 0:00:00]} 5. O-O {[%emt 0:00:25]} b5 {[%emt 0:00:02]} 6. Bb3 {[%emt 0:00:08]} Bc5 {[%emt 0:00:04]} 7. d3 {[%emt 0:00:21]} d6 {[%emt 0:00:05]} 8. c3 {[%emt 0:01:15]} h6 {[%emt 0:00:04]} 9. h3 {[%emt 0:02:32]} O-O {[%emt 0:00:04]} 10. Re1 {[%emt 0:00:49]} Be6 {[%emt 0:00:03]} 11. Bc2 {[%emt 0:00:11]} d5 {[%emt 0:00:15]} 12. exd5 {[%emt 0:01:01]} Qxd5 {[%emt 0:00:08]} 13. Qe2 {[%emt 0:08:40]} Rfe8 {[%emt 0:00:04]} 14. Nbd2 {[%emt 0:02:19]} Rad8 {[%emt 0:00:02]} 15. Ne4 {[%emt 0:06:42]} Nxe4 {[%emt 0:05:15]} 16. dxe4 {[%emt 0:02:07]} Qc4 {[%emt 0:04:32]} 17. Qxc4 {[%emt 0:07:15]} Bxc4 {[%emt 0:00:10]} 18. Be3 {[%emt 0:13:54]} Bxe3 {[%emt 0:11:39]} 19. Rxe3 {[%emt 0:00:39]} f6 {[%emt 0:00:49]} 20. a4 {[%emt 0:04:21]} Rd6 {[%emt 0:21:15]} 21. axb5 {[%emt 0:02:54]} axb5 {[%emt 0:00:06]} 22. b3 {[%emt 0:03:20]} Bf7 {[%emt 0:01:01]} 23. Bd3 {[%emt 0:07:19]} Rb8 {[%emt 0:06:51]} 24. b4 {[%emt 0:02:14]} Ne7 {[%emt 0:06:11]} 25. Ra7 {[%emt 0:05:09]} Rc6 {[%emt 0:00:14]} 26. Be2 {[%emt 0:00:43]} Nc8 {[%emt 0:01:47]} 27. Ra5 {[%emt 0:01:31]} Nd6 {[%emt 0:00:22]} 28. Nd2 {[%emt 0:01:30]} Rcb6 {[%emt 0:03:35]} 29. Ra7 {[%emt 0:01:52]} R6b7 {[%emt 0:07:53]} 30. Ra6 {[%emt 0:01:28]} Be6 {[%emt 0:02:59]} 31. g3 {[%emt 0:07:08]} g5 {[%emt 0:07:28]} 32. f4 {[%emt 0:04:22]} gxf4 {[%emt 0:01:56]} 33. gxf4 {[%emt 0:01:16]} exf4 {[%emt 0:01:07]} 34. Rf3 {[%emt 0:00:08]} Kg7 {[%emt 0:00:45]} 35. Kh2 {[%emt 0:01:23]} Rb6 {[%emt 0:00:34]} 36. Ra1 {[%emt 0:01:07]} Rc6 {[%emt 0:05:26]} 37. Rg1+ {[%emt 0:03:42]} Kf7 {[%emt 0:00:19]} 38. Rxf4 {[%emt 0:01:41]} Rxc3 {[%emt 0:00:39]} 39. Bh5+ {[%emt 0:02:32]} Ke7 {[%emt 0:00:08]} 40. Nf3 {[%emt 0:00:00]} Rc2+ {[%emt 0:00:00]} 41. Kh1 {[%emt 0:04:54]} Rg8 {[%emt 0:04:34]} 42. Rxg8 {[%emt 0:01:02]} Bxg8 {[%emt 0:00:01]} 43. e5 {[%emt 0:02:04]} fxe5 {[%emt 0:00:46]} 44. Nxe5 {[%emt 0:00:14]} Bd5+ {[%emt 0:01:21]} 45. Kg1 {[%emt 0:00:31]} Ne4 {[%emt 0:12:52]} 46. Ng6+ {[%emt 0:08:30]} Kd6 {[%emt 0:01:27]} 47. Bf3 {[%emt 0:01:31]} Rc4 {[%emt 0:00:51]} 48. Rf8 {[%emt 0:03:16]} Rxb4 {[%emt 0:04:09]} 49. Rd8+ {[%emt 0:01:31]} Kc5 {[%emt 0:00:04]} 50. Nf4 {[%emt 0:00:48]} Rb1+ {[%emt 0:00:07]} 51. Kg2 {[%emt 0:00:14]} c6 {[%emt 0:00:07]} 52. Nxd5 {[%emt 0:06:26]} Rb2+ {[%emt 0:00:20]} 53. Kf1 {[%emt 0:01:30]} Rf2+ {[%emt 0:01:42]} 54. Kg1 {[%emt 0:01:44]} Rxf3 {[%emt 0:00:05]} 55. Ne7 {[%emt 0:00:31]} b4 {[%emt 0:01:16]} 56. Nxc6 {[%emt 0:03:07]} Kxc6 {[%emt 0:01:54]} 57. Rd4 {[%emt 0:00:06]} Ng5 {[%emt 0:00:28]} 58. Rxb4 {[%emt 0:01:10]} Rxh3 {[%emt 0:00:47]} 59. Kg2 {[%emt 0:00:59]} Kd6 {[%emt 0:02:50]} 60. Rb6+ {[%emt 0:03:10]} Ke5 {[%emt 0:00:06]} 61. Rb5+ {[%emt 0:00:32]} Kf4 {[%emt 0:00:05]} 62. Rb4+ {[%emt 0:00:37]} Kf5 {[%emt 0:00:04]} 63. Rb5+ {[%emt 0:00:10]} Kg4 {[%emt 0:00:04]} 64. Rb4+ {[%emt 0:00:40]} Kh5 {[%emt 0:00:02]} 65. Rb5 {[%emt 0:00:23]} Re3 {[%emt 0:00:19]} 66. Kf2 {[%emt 0:00:50]} Rf3+ {[%emt 0:00:20]} 67. Kg2 {[%emt 0:00:17]} Kg4 {[%emt 0:00:08]} 68. Rb4+ {[%emt 0:00:50]} Rf4 {[%emt 0:00:05]} 69. Rb3 {[%emt 0:00:31]} Ne4 {[%emt 0:00:09]} 70. Rb6 {[%emt 0:00:33]} h5 {[%emt 0:00:05]} 71. Rg6+ {[%emt 0:00:16]} Ng5 {[%emt 0:00:04]} 72. Rb6 {[%emt 0:00:31]} h4 {[%emt 0:00:02]} 73. Rg6 {[%emt 0:00:36]} Ra4 {[%emt 0:00:38]} 74. Rg8 {[%emt 0:00:20]} Ra2+ {[%emt 0:00:25]} 75. Kg1 {[%emt 0:00:33]} Kf4 {[%emt 0:00:20]} 76. Rh8 {[%emt 0:00:38]} Kg3 {[%emt 0:00:07]} 77. Kf1 {[%emt 0:00:36]} h3 {[%emt 0:00:11]} 0-1

[Event "UKR-ch Women 2020"]
[Site "Kherson"]
[Date "2020.12.07"]
[Round "2.4"]
[White "Gaponenko, Inna"]
[Black "Doluhanova, Evgeniya"]
[Result "1/2-1/2"]
[WhiteElo "2390"]
[BlackElo "2229"]
[Annotator "TA"]
[PlyCount "44"]
[EventDate "2020.12.06"]
[EventType "swiss"]
[EventCountry "UKR"]
[SourceTitle "playchess.com"]
[Source "ChessBase"]
[SourceQuality "1"]

{[%evp 11,44,70,72,50,64,14,28,20,13,22,25,27,45,53,45,33,42,35,39,14,8,0,46,46,50,50,50,50,50,38,40,0,46,0,36]} 1. e4 e5 2. Nf3 Nc6 3. d4 exd4 4. Nxd4 Nxd4 5. Qxd4 Qf6 6. e5 Qb6 7. Qxb6 {C45: Scotch Game.} axb6 8. Bc4 c6 9. O-O {[#] White has an edge.} d5 $146 ({Predecessor:} 9... b5 10. Bb3 d5 11. exd6 Bxd6 12. Nc3 Bf5 13. Re1+ Kd7 14. Bxf7 Bxc2 15. Bg5 h6 {½-½ (30) Tiedt,G-Hiltner,H Mecklenburg VP 1996}) 10. exd6 Bxd6 11. Re1+ Kf8 12. Nc3 Nf6 13. Bg5 Bf5 14. Bb3 h6 15. Bxf6 (15. Be3 {is more complex.} Bc7 16. h3 h5 17. Ne2 Re8 18. c3) 15... gxf6 16. Ne4 Bxe4 (16... Be5 {keeps more tension.} 17. Rad1 Bxb2 18. Nd6 Bg6 19. Nc4 Bc3) 17. Rxe4 Re8 18. Rxe8+ Kxe8 19. Re1+ Kf8 20. Rd1 Ke7 21. Re1+ Kf8 $1 22. Rd1 Ke7 {Weighted Error Value: White=0.12/Black=0.07} 1/2-1/2

[Event "UKR-ch Women 2020"]
[Site "Kherson"]
[Date "2020.12.07"]
[Round "2.5"]
[White "Babiy, Olga"]
[Black "Petrova, Irina"]
[Result "1-0"]
[WhiteElo "2271"]
[BlackElo "2077"]
[Annotator "RC"]
[PlyCount "129"]
[EventDate "2020.12.06"]
[EventType "swiss"]
[EventCountry "UKR"]
[SourceTitle "playchess.com"]
[Source "ChessBase"]
[SourceQuality "1"]
[TimeControl "40/5400+30:1800+30"]

1. e4 {[%emt 0:00:00]} d6 {[%emt 0:00:00]} 2. d4 {[%emt 0:00:00]} Nf6 {[%emt 0:00:00]} 3. Nc3 {[%emt 0:00:00]} e5 {[%emt 0:00:00]} 4. Nf3 {[%emt 0:00:00]} Nbd7 {[%emt 0:00:00]} 5. Bc4 {[%emt 0:00:19]} Be7 {[%emt 0:00:00]} 6. a4 {[%emt 0:00:24]} O-O {[%emt 0:00:09]} 7. O-O {[%emt 0:00:07]} c6 {[%emt 0:00:13]} 8. Re1 {[%emt 0:00:18]} h6 {[%emt 0:00:11]} 9. h3 {[%emt 0:00:21]} Re8 {[%emt 0:00:09]} 10. a5 {[%emt 0:02:21]} Bf8 {[%emt 0:00:10]} 11. dxe5 {[%emt 0:00:57]} dxe5 {[%emt 0:00:40]} 12. Nh4 {[%emt 0:00:32]} Nc5 {[%emt 0:04:49]} 13. Qxd8 {[%emt 0:02:01]} Rxd8 {[%emt 0:00:04]} 14. Ng6 {[%emt 0:00:10]} Bd6 {[%emt 0:14:22]} 15. f4 {[%emt 0:02:20]} Be6 {[%emt 0:11:51]} 16. Nxe5 {[%emt 0:03:58]} Bxe5 {[%emt 0:00:29]} 17. fxe5 {[%emt 0:00:07]} Nfd7 {[%emt 0:00:11]} 18. Be2 {[%emt 0:06:07]} Nxe5 {[%emt 0:00:47]} 19. Be3 {[%emt 0:00:28]} Ncd7 {[%emt 0:04:52]} 20. b3 {[%emt 0:00:59]} f6 {[%emt 0:07:13]} 21. Red1 {[%emt 0:05:37]} Kf7 {[%emt 0:02:14]} 22. Ra4 {[%emt 0:01:38]} b5 {[%emt 0:08:37]} 23. Rad4 {[%emt 0:07:59]} Rh8 {[%emt 0:02:13]} 24. R4d2 {[%emt 0:02:16]} h5 {[%emt 0:02:51]} 25. Kf2 {[%emt 0:07:58]} g5 {[%emt 0:03:28]} 26. Bf1 {[%emt 0:00:59]} h4 {[%emt 0:04:05]} 27. Ne2 {[%emt 0:01:27]} a6 {[%emt 0:07:04]} 28. Nc1 {[%emt 0:09:55]} Rhg8 {[%emt 0:06:48]} 29. Be2 {[%emt 0:07:32]} Ke7 {[%emt 0:02:40]} 30. Nd3 {[%emt 0:04:00]} Nxd3+ {[%emt 0:05:33]} 31. Rxd3 {[%emt 0:00:13]} Rac8 {[%emt 0:01:52]} 32. Rd6 {[%emt 0:01:39]} Ne5 {[%emt 0:01:35]} 33. Bc5 {[%emt 0:02:27]} Kf7 {[%emt 0:00:07]} 34. Bh5+ {[%emt 0:00:19]} Ng6 {[%emt 0:00:32]} 35. Ke3 {[%emt 0:07:25]} Rc7 {[%emt 0:03:42]} 36. R1d2 {[%emt 0:01:22]} Re8 {[%emt 0:00:55]} 37. Rf2 {[%emt 0:06:12]} Kg7 {[%emt 0:03:01]} 38. Bd4 {[%emt 0:02:36]} Rf7 {[%emt 0:02:58]} 39. Kd2 {[%emt 0:02:11]} c5 {[%emt 0:02:12]} 40. Bxc5 {[%emt 0:00:00]} Rd7 {[%emt 0:00:00]} 41. Rxd7+ {[%emt 0:07:43]} Bxd7 {[%emt 0:01:58]} 42. Bd4 {[%emt 0:00:07]} Re6 {[%emt 0:02:36]} 43. c3 {[%emt 0:02:44]} Ne5 {[%emt 0:07:19]} 44. Ke3 {[%emt 0:03:06]} Bc6 {[%emt 0:01:30]} 45. Rf5 {[%emt 0:08:00]} Nd7 {[%emt 0:06:36]} 46. Bf3 {[%emt 0:06:16]} Kg6 {[%emt 0:00:08]} 47. Kd3 {[%emt 0:05:22]} Rd6 {[%emt 0:02:48]} 48. Rd5 {[%emt 0:04:56]} Bxd5 {[%emt 0:01:00]} 49. exd5 {[%emt 0:00:01]} f5 {[%emt 0:00:47]} 50. c4 {[%emt 0:00:22]} Nf6 {[%emt 0:00:49]} 51. Bxf6 {[%emt 0:03:18]} Kxf6 {[%emt 0:00:14]} 52. Kd4 {[%emt 0:00:03]} bxc4 {[%emt 0:01:00]} 53. bxc4 {[%emt 0:00:02]} Rd8 {[%emt 0:01:33]} 54. c5 {[%emt 0:00:06]} Rg8 {[%emt 0:00:27]} 55. d6 {[%emt 0:02:50]} g4 {[%emt 0:00:06]} 56. Bb7 {[%emt 0:01:21]} gxh3 {[%emt 0:01:32]} 57. gxh3 {[%emt 0:00:01]} f4 {[%emt 0:01:23]} 58. Bxa6 {[%emt 0:02:13]} Ra8 {[%emt 0:02:11]} 59. Be2 {[%emt 0:01:23]} Rxa5 {[%emt 0:00:16]} 60. c6 {[%emt 0:00:02]} Ke6 {[%emt 0:00:57]} 61. c7 {[%emt 0:00:54]} Ra8 {[%emt 0:00:25]} 62. Kc5 {[%emt 0:01:24]} Ra5+ {[%emt 0:00:20]} 63. Kc6 {[%emt 0:01:22]} Ra8 {[%emt 0:00:14]} 64. Bg4+ {[%emt 0:00:15]} Ke5 {[%emt 0:00:25]} 65. d7 {[%emt 0:00:15]} 1-0